00350nam a2200121Ia 4500008004100000082001600041100002000057245003500077260004000112365000600152630003500158730003500193100415s9999 xx 000 0 und d b1235a581.9 aCain Stanley A aFoundations of Plant Geography aNEW YORKc1944bHARPER AND BROTHERS b0 aFoundations of Plant Geography aFoundations of Plant Geography